Music Quiz

Random Music or Album Quiz

Bands from Ireland: Albums 7 to 1 Quiz Stats

 Plays Quiz not verified by Sporcle

Score 0/28 Timer 03:00
0 Plays Today
% Correct
The Joshua Tree
96%
Achtung Baby
96%
Rattle and Hum
90.4%
War
89.6%
Boy
88.4%
The Unforgettable Fire
85.7%
October
83.5%
Moondance
80.2%
Everybody Else Is Doing It, So Why Can't We?
71.1%
Tupelo Honey
70.1%
Jailbreak
59.3%
His Band and the Street Choir
56.3%
No Need to Argue
54.1%
To the Faithful Departed
54.1%
% Correct
1977
51.9%
Beacon
47.4%
Saint Dominic's Preview
46.7%
Free All Angels
46.7%
Nu-Clear Sounds
44.2%
Bury the Hatchet
42.2%
Hard Nose the Highway
37.3%
No Sound Without Silence
35.8%
Gameshow
33.6%
#3
32.1%
Meltdown
31.6%
Science & Faith
31.4%
Wavelength
30.1%
Twilight of the Innocents
29.1%

You're not logged in!

Compare scores with friends on all Sporcle quizzes.
OR
Log In

Show Comments

Extras

Top Quizzes Today


Score Distribution

Your Account Isn't Verified!

In order to create a playlist on Sporcle, you need to verify the email address you used during registration. Go to your Sporcle Settings to finish the process.

Report this User

Report this user for behavior that violates our Community Guidelines.

Details: